Word Ladder: The Avengers Plot Spoiler Quiz Stats

 Plays Quiz Updated Apr 23, 2013

Support Sporcle.
Go Orange.
Score 0/28 Timer 03:00
1 Play Today
HINT 4-LETTER WORD % Correct
✪ THUNDER GOD ✪✪ THOR ✪
92.8%
Tues., Wed., ____THUR
89.3%
✪ HE'S INCREDIBLE ✪✪ HULK ✪
88.9%
Tom Sawyer's palHUCK
80.3%
Smells Like ____ SpiritTEEN
78.7%
Economically disadvantagedPOOR
75.4%
Kibbles and ____BITS
74.9%
Magical Mystery ____TOUR
74.9%
Tip the bottlePOUR
74.2%
✪ CHART TOPPING TUNES ✪✪ HITS ✪
72%
✪ AT THAT TIME ✪✪ THEN ✪
71.8%
✪ THOR'S HALF BROTHER ✪✪ LOKI ✪
69.8%
Tele- or Mara- suffixTHON
68.4%
Halloween exclamationsBOOS
67.4%
HINT 4-LETTER WORD % Correct
✪ ____ DAY'S NIGHT ✪✪ HARD ✪
66.2%
Life stories, for shortBIOS
65.3%
Uncouth loutBOOR
62.9%
Actor Rip ____TORN
59.2%
Seagull relativeTERN
59.1%
Huron, Como, or VictoriaLAKE
58.6%
HayseedHICK
57.6%
Traditional knowledgeLORE
55.7%
____ KrishnaHARE
54.8%
Sounds of inebriationHICS
53.5%
'Footloose' actress ____ SingerLORI
52.7%
Raced at top speedTORE
52%
Cod-like fishHAKE
48.2%
Anime 'Fairy Tale Guild' MageLOKE
45.1%

Today's Daily Dose

You're not logged in!

Compare scores with friends on all Sporcle quizzes.
OR
Log In

From the Vault

Band Name Origins

by Massagraf

In reality, copious amounts of alcohol is probably the true source for most of these names.
Remove Ads.
Support Sporcle.
Get the best of Sporcle when you Go Orange. This ad-free experience offers more features, more stats, and more fun while also helping to support Sporcle. Thank you for becoming a member.

Show Comments

Extras

Top Quizzes Today


Score Distribution

Your Account Isn't Verified!

In order to create a playlist on Sporcle, you need to verify the email address you used during registration. Go to your Sporcle Settings to finish the process.

Report this User

Report this user for behavior that violates our Community Guidelines.

Details: